| 000 | 00613nam a2200217 a 4500 | ||
|---|---|---|---|
| 001 | 503 | ||
| 003 | BR-CuiBMT | ||
| 005 | 20231108180042.0 | ||
| 008 | 231108b2004 spb 000 0 por d | ||
| 020 | _a8502048759 | ||
| 040 |
_aBR-CuiBMT _cBR-CuiBMT |
||
| 080 |
_22007 _a342.9 |
||
| 090 |
_a342.9 _bC672m |
||
| 100 | _aCoelho, Paulo Magalhães da Costa | ||
| 245 |
_aManual de direito administrativo / _cPaulo Magalhães da Costa Coelho. |
||
| 260 |
_aSão Paulo: _bSaraiva, _c2004. |
||
| 300 |
_a501 p. ; _c21 cm |
||
| 504 | _ainclui bibliografia. | ||
| 650 |
_aDireito administrativo _zBrasil |
||
| 942 |
_2udc _cLV |
||
| 999 |
_c503 _d503 |
||